[Event "Mercredi 2021.11.17 ABCD"]
[Site "Montreal CAN"]
[Date "2021.11.25"]
[Round "2"]
[White "Gauthier, Luc"]
[Black "Milosz, Jerzy"]
[Result "1-0"]
[WhiteElo "1649"]
[BlackElo "1610"]
[PlyCount "59"]
[EventDate "2021.11.17"]
[EventType "tourn"]
[EventRounds "5"]
[EventCountry "CAN"]

1. e4 c6 2. Nc3 d5 3. Nf3 Bg4 4. h3 Bxf3 5. Qxf3 e6 6. d3 Bb4 7. a3 Be7 8. g3
d4 9. Nb1 e5 10. Bg2 Nd7 11. O-O Ngf6 12. Qe2 Qc7 13. f4 Bd6 14. f5 O-O-O 15.
Nd2 Rdf8 16. Nc4 Be7 17. Bd2 Bc5 18. b4 Be7 19. c3 Nb6 20. cxd4 Nxc4 21. dxc4
exd4 22. c5 Rd8 23. Bf4 Qd7 24. Qd3 Nh5 25. Bd2 g6 26. g4 Nf6 27. g5 Ng8 28. f6
Bf8 29. h4 h6 30. Bh3 1-0

[Event "Mercredi 2021.11.17 ABCD"]
[Site "Montreal CAN"]
[Date "2021.11.24"]
[Round "2"]
[White "Guipi Bopala, Prince Eric jr"]
[Black "Beaudry, Marc-Andre"]
[Result "1/2-1/2"]
[WhiteElo "2086"]
[BlackElo "2005"]
[PlyCount "99"]
[EventDate "2021.11.17"]
[EventType "tourn"]
[EventRounds "5"]
[EventCountry "CAN"]

1. d4 Nf6 2. c4 e6 3. Nf3 d5 4. g3 Bb4+ 5. Bd2 Be7 6. Bg2 O-O 7. O-O c6 8. Qc2
b6 9. Bg5 h6 10. Bxf6 Bxf6 11. Nbd2 Bb7 12. e4 Nd7 13. cxd5 cxd5 14. e5 Be7 15.
Rfe1 Rc8 16. Qa4 Bc6 17. Qb3 Nb8 18. Bf1 Qd7 19. a4 Bb7 20. Bd3 Nc6 21. Rac1
Na5 22. Qa2 a6 23. b3 Nc6 24. Bb1 Nb4 25. Qb2 Rxc1 26. Rxc1 Rc8 27. Nf1 Rxc1
28. Qxc1 Qc6 29. Qe3 a5 30. Ne1 Ba6 31. f4 g6 32. g4 Bf8 33. Ng3 Bc8 34. f5
exf5 35. gxf5 gxf5 36. Bxf5 Bxf5 37. Nxf5 Qg6+ 38. Qg3 Nc6 39. Nc2 Bb4 40.
Nxh6+ Kh7 41. Qxg6+ Kxg6 42. Nxb4 axb4 43. Ng8 Nxd4 44. Ne7+ Kg5 45. Nxd5 Nxb3
46. Nxb4 Nc5 47. Nc6 Nxa4 48. Nd8 Kg6 49. e6 fxe6 50. Nxe6 1/2-1/2

[Event "Mercredi 2021.11.17 ABCD"]
[Site "Montreal CAN"]
[Date "2021.11.24"]
[Round "2"]
[White "Kozlov, Guennadi"]
[Black "Adam, Rafael"]
[Result "0-1"]
[WhiteElo "1879"]
[BlackElo "1921"]
[PlyCount "62"]
[EventDate "2021.11.17"]
[EventType "tourn"]
[EventRounds "5"]
[EventCountry "CAN"]

1. e4 e5 2. d4 exd4 3. c3 dxc3 4. Bc4 Nc6 5. Nf3 d6 6. Nxc3 Nf6 7. Ng5 Ne5 8.
Bb3 Bg4 9. Qc2 h6 10. f4 hxg5 11. fxe5 dxe5 12. Bxg5 Be7 13. h3 c6 14. Rf1 Bh5
15. Rf2 Nd7 16. Bxe7 Qxe7 17. Ne2 Nc5 18. Ng3 Bg6 19. Rd1 Ne6 20. Qc4 Nd4 21.
Nf5 Bxf5 22. exf5 O-O 23. Qd3 Qf6 24. g4 Rad8 25. Qe3 Qh4 26. Kf1 Nxb3 27. Rxd8
Rxd8 28. Qxb3 e4 29. Qe3 Rd3 30. Qxe4 Qxh3+ 31. Qg2 Rd1+ 0-1

[Event "Mercredi 2021.11.17 ABCD"]
[Site "Montreal CAN"]
[Date "2021.11.24"]
[Round "2"]
[White "Millette, Sylvain"]
[Black "Jean, Robert"]
[Result "1/2-1/2"]
[WhiteElo "1722"]
[BlackElo "1793"]
[PlyCount "68"]
[EventDate "2021.11.17"]
[EventType "tourn"]
[EventRounds "5"]
[EventCountry "CAN"]

1. Nf3 d5 2. g3 Nf6 3. Bg2 c6 4. O-O Nbd7 5. d4 g6 6. c3 Bg7 7. Qc2 O-O 8. Nbd2
Re8 9. e4 dxe4 10. Nxe4 Nxe4 11. Qxe4 Nf6 12. Qe2 Bg4 13. h3 Be6 14. Bg5 h6 15.
Bd2 Kh7 16. Rae1 Qc8 17. Kh2 a5 18. Bf4 Nd5 19. Bd2 a4 20. a3 Nb6 21. Ne5 Bb3
22. f4 Qe6 23. Nxc6 Qxe2 24. Rxe2 bxc6 25. Bxc6 e6 26. Bxa8 Rxa8 27. Rfe1 Bc4
28. Rf2 Bd5 29. g4 Nc4 30. Bc1 Bf8 31. Ree2 Bd6 32. Kg1 f5 33. g5 h5 34. h4 Rb8
1/2-1/2

[Event "Mercredi 2021.11.17 ABCD"]
[Site "Montreal CAN"]
[Date "2021.11.24"]
[Round "2"]
[White "Mok, Yuen Tak"]
[Black "Rodrigue-Lemieux, Shawn"]
[Result "1/2-1/2"]
[WhiteElo "2062"]
[BlackElo "2401"]
[PlyCount "173"]
[EventDate "2021.11.17"]
[EventType "tourn"]
[EventRounds "5"]
[EventCountry "CAN"]

1. e4 c6 2. d4 d5 3. e5 Bf5 4. Nf3 e6 5. Be2 Ne7 6. O-O c5 7. c3 Nec6 8. Be3
Nd7 9. a3 Be7 10. b4 cxd4 11. cxd4 O-O 12. Nbd2 Nb6 13. Rc1 Rc8 14. Nb3 Nc4 15.
Bxc4 dxc4 16. Rxc4 Qd5 17. Rc1 a5 18. Nxa5 Nxa5 19. bxa5 Qxa5 20. Ra1 Bc2 21.
Qe2 Qa4 22. Ne1 Bb3 23. Nd3 Rc2 24. Qg4 Rfc8 25. h3 Bc4 26. Nc5 Qa8 27. Rfb1
Ba2 28. Rb5 Bc4 29. Rb4 b5 30. Qd1 Rc3 31. a4 Qa5 32. Rab1 Ba2 33. R1b2 Bd5 34.
axb5 Ra3 35. b6 Ra1 36. Rb1 Qxb4 37. Rxa1 Qxb6 38. Rb1 Qa5 39. Ra1 Qd8 40. Rc1
Ba8 41. Nd3 Rb8 42. Rb1 h6 43. Nf4 Be4 44. Rxb8 Qxb8 45. Qg4 Bf5 46. Qg3 Qb3
47. Qf3 Kh7 48. Kh2 Qb1 49. Qe2 Qe4 50. Qf3 Qb1 51. Qe2 Be4 52. Nh5 Bg6 53. Nf4
Bf5 54. Nh5 Ba3 55. Ng3 Bd3 56. Qd2 Bb4 57. Qc1 Qb3 58. Bd2 Bf8 59. Qc3 Qb5 60.
Qc8 Ba3 61. Qc7 Bg6 62. Qa5 Qb3 63. Qc3 Qa4 64. Ne2 Bf8 65. Qe3 Qc4 66. Nf4 Bf5
67. Ne2 Be7 68. Ng3 Bg6 69. Qc3 Qa2 70. Qa5 Qb1 71. Qc3 h5 72. Ne2 Qd1 73. Ng1
Be4 74. Qe3 Qc2 75. Ne2 h4 76. Qc3 Qa2 77. Nc1 Qa8 78. f3 Bf5 79. Nb3 Bg6 80.
Be3 Qa3 81. Bd2 Qa6 82. Qe3 Qf1 83. Nc5 Bf5 84. Ne4 Kg6 85. Nf2 Bd8 86. Ne4 f6
87. Nd6 1/2-1/2

[Event "Mercredi 2021.11.17 ABCD"]
[Site "Montreal CAN"]
[Date "2021.11.24"]
[Round "2"]
[White "Varfalvy, Peter"]
[Black "Rodi, Mathieu"]
[Result "1-0"]
[WhiteElo "1575"]
[BlackElo "1600"]
[PlyCount "117"]
[EventDate "2021.11.17"]
[EventType "tourn"]
[EventRounds "5"]
[EventCountry "CAN"]

1. Nf3 d5 2. b3 Nf6 3. Bb2 c5 4. e3 Bg4 5. Be2 e6 6. O-O Bd6 7. d4 O-O 8. Nbd2
Nc6 9. c4 cxd4 10. Nxd4 Bxe2 11. Nxe2 Ne5 12. cxd5 Nxd5 13. Ne4 Bc7 14. N2c3
Nxc3 15. Bxc3 Qh4 16. Ng3 Ng4 17. h3 Nxf2 18. Rxf2 Qxg3 19. Qg4 Qxg4 20. hxg4
Rad8 21. Re2 Rd5 22. Kf2 Rfd8 23. Rc1 Bb6 24. Rcc2 f6 25. Rcd2 Rxd2 26. Rxd2
Rxd2+ 27. Bxd2 Kf7 28. Kf3 e5 29. Bc3 Kg6 30. e4 Bd4 31. Bb4 Kf7 32. Bd2 h6 33.
Ke2 Ke6 34. Kd3 Kd6 35. Kc4 Bc5 36. a4 a6 37. b4 Bd4 38. b5 Ke6 39. a5 axb5+
40. Kxb5 Kf7 41. Kc4 Ke6 42. Bb4 g6 43. Bd2 h5 44. gxh5 gxh5 45. Kd3 f5 46. Bg5
Bc5 47. Bd8 Bb4 48. Bc7 f4 49. Bd8 Be7 50. Bb6 h4 51. Ke2 Kd6 52. Kf3 Kc6 53.
Kg4 Kd7 54. Bf2 Kc6 55. Bxh4 Bxh4 56. Kxh4 Kb5 57. Kg5 Kc5 58. Kf6 Kd4 59. Kf5
1-0

[Event "Mercredi 2021.11.17 ABCD"]
[Site "Montreal CAN"]
[Date "2021.12.01"]
[Round "3"]
[White "Adam, Rafael"]
[Black "Gadbois, Patrick"]
[Result "1-0"]
[WhiteElo "1921"]
[BlackElo "1943"]
[PlyCount "71"]
[EventDate "2021.11.17"]
[EventType "tourn"]
[EventRounds "5"]
[EventCountry "CAN"]

1. d4 e6 2. c4 d5 3. g3 Nf6 4. Bg2 c6 5. Nf3 Bd6 6. Qc2 Nbd7 7. O-O Ne4 8. Nfd2
f5 9. f3 Nxd2 10. Bxd2 O-O 11. Nc3 f4 12. gxf4 Bxf4 13. Bxf4 Rxf4 14. e4 dxc4
15. Ne2 Rh4 16. Qxc4 Nb6 17. Qc5 Bd7 18. Rac1 Qf6 19. Rf2 Qh6 20. Bf1 Rh5 21.
Qc3 Rf8 22. Rd1 Rf6 23. Qc1 Rg5+ 24. Ng3 Qh4 25. Be2 Rh6 26. Rg2 Rf6 27. Qe3
Be8 28. Rf1 Rf4 29. Qa3 Nc8 30. Qb3 Qh3 31. Qxb7 e5 32. dxe5 Rh4 33. Bc4+ Kh8
34. e6 Rf4 35. Qxc8 Rf8 36. e7 1-0

[Event "Mercredi 2021.11.17 ABCD"]
[Site "Montreal CAN"]
[Date "2021.12.01"]
[Round "3"]
[White "Barko, Maxim"]
[Black "Kozlov, Guennadi"]
[Result "0-1"]
[WhiteElo "1899"]
[BlackElo "1879"]
[PlyCount "120"]
[EventDate "2021.11.17"]
[EventType "tourn"]
[EventRounds "5"]
[EventCountry "CAN"]

1. e4 e6 2. Nf3 d5 3. e5 c5 4. b4 cxb4 5. a3 bxa3 6. c3 Nc6 7. d4 Bd7 8. Bd3
Na5 9. Nxa3 a6 10. Nd2 Ne7 11. O-O Ng6 12. g3 Rc8 13. Bb2 Ne7 14. Qf3 Nec6 15.
Qg4 h5 16. Qe2 Be7 17. Nc2 Kf8 18. Ne3 g6 19. Ra2 Kg7 20. h3 Na7 21. Rfa1 N5c6
22. Kg2 Nb8 23. Ra5 Nb5 24. Nd1 Nc6 25. R5a2 Nca7 26. Ra5 Rc6 27. c4 dxc4 28.
Bxc4 Rc8 29. Ne3 Bc6+ 30. d5 exd5 31. Bxb5 Nxb5 32. Kh2 d4 33. Nec4 Qd5 34. f3
Bb4 35. R5a4 Bc3 36. R4a2 Bxb2 37. Rxb2 Nc3 38. Qe1 Bb5 39. Nb6 Qe6 40. Nxc8
Rxc8 41. Rc1 Re8 42. Rbc2 Qd5 43. Ne4 Rxe5 44. Nxc3 dxc3 45. Qxc3 Kh7 46. Rd2
Qe6 47. Rcc2 Re3 48. Qb2 Rb3 49. Qa1 Rxf3 50. Rd8 Rf6 51. Qd4 Bf1 52. g4 hxg4
53. hxg4 g5 54. Kg1 Bb5 55. Rh2+ Kg7 56. Rf2 Qe1+ 57. Kg2 Bc6+ 58. Kg3 Qg1+ 59.
Kh3 Qh1+ 60. Rh2 Qf3# 0-1

[Event "Mercredi 2021.11.17 ABCD"]
[Site "Montreal CAN"]
[Date "2021.12.01"]
[Round "3"]
[White "Fortin-Lavoie, Patrice"]
[Black "Millette, Sylvain"]
[Result "1-0"]
[WhiteElo "1726"]
[BlackElo "1722"]
[PlyCount "49"]
[EventDate "2021.11.17"]
[EventType "tourn"]
[EventRounds "5"]
[EventCountry "CAN"]

1. d4 Nf6 2. Bf4 d5 3. e3 g6 4. Nc3 c6 5. Nf3 Bg7 6. Bd3 b6 7. Qe2 a5 8. Ne5
Nh5 9. g4 Nxf4 10. exf4 Bxe5 11. Qxe5 f6 12. Qe2 Ba6 13. O-O-O Bxd3 14. Rxd3
Qd6 15. f5 Kf7 16. Kb1 b5 17. Re3 Ra7 18. Re1 Re8 19. h4 Qf4 20. g5 Qxh4 21.
fxg6+ hxg6 22. gxf6 Kxf6 23. Rf3+ Kg7 24. Qe5+ Kg8 25. Qe6+ 1-0

[Event "Mercredi 2021.11.17 ABCD"]
[Site "Montreal CAN"]
[Date "2021.12.01"]
[Round "3"]
[White "Hagopian, Christian"]
[Black "Destree, Frederic"]
[Result "1/2-1/2"]
[WhiteElo "1927"]
[BlackElo "1826"]
[PlyCount "142"]
[EventDate "2021.11.17"]
[EventType "tourn"]
[EventRounds "5"]
[EventCountry "CAN"]

1. d4 g6 2. c4 Bg7 3. Nc3 Nf6 4. Nf3 d6 5. e4 O-O 6. Be2 Na6 7. O-O e5 8. dxe5
dxe5 9. Qxd8 Rxd8 10. Bg5 h6 11. Bxf6 Bxf6 12. Nd5 Kg7 13. Rfd1 Be6 14. a3 c6
15. Nc3 Nc5 16. b4 Nb3 17. Rxd8 Rxd8 18. Rd1 Rxd1+ 19. Nxd1 Nd4 20. Nxd4 exd4
21. Bd3 Bg5 22. a4 b6 23. b5 c5 24. Kf1 f5 25. exf5 Bxf5 26. Bxf5 gxf5 27. Nb2
Kf6 28. Nd3 f4 29. Ke2 Kf5 30. Kf3 h5 31. g3 fxg3 32. fxg3 Bd2 33. h3 Be3 34.
Nxc5 Bd2 35. Nd3 Bg5 36. g4+ hxg4+ 37. hxg4+ Ke6 38. Ke4 Bf6 39. c5 bxc5 40.
Nxc5+ Kd6 41. Nd3 Bg7 42. g5 Kc7 43. Kd5 Kb6 44. Kc4 Ka5 45. Kb3 a6 46. bxa6
Kxa6 47. Nb2 Ka5 48. Nc4+ Ka6 49. Kc2 Kb7 50. Kd3 Kc6 51. Na3 Kb6 52. Nb5 Ka5
53. Nxd4 Kxa4 54. Ne6 Bh8 55. Ke4 Kb5 56. Kf5 Kc6 57. Nd8+ Kd7 58. Nf7 Bg7 59.
Kg6 Bb2 60. Kh7 Ke7 61. Nh6 Kf8 62. Kg6 Bc3 63. Kh7 Ba1 64. Ng4 Bb2 65. Ne3 Ba1
66. Nd5 Kf7 67. Nc7 Bb2 68. g6+ Kf8 69. Ne6+ Ke7 70. Ng7 Kf8 71. Nf5 Ba1
1/2-1/2

[Event "Mercredi 2021.11.17 ABCD"]
[Site "Montreal CAN"]
[Date "2021.12.01"]
[Round "3"]
[White "Jean, Robert"]
[Black "Abderaouf, Sekki"]
[Result "0-1"]
[WhiteElo "1793"]
[BlackElo "1816"]
[PlyCount "78"]
[EventDate "2021.11.17"]
[EventType "tourn"]
[EventRounds "5"]
[EventCountry "CAN"]

1. d4 f5 2. Bg5 h6 3. Bh4 g5 4. Bg3 Nf6 5. Be5 e6 6. e3 Bg7 7. Nc3 d6 8. Bxf6
Qxf6 9. Be2 Bd7 10. Bh5+ Kd8 11. Bf3 d5 12. g3 Be8 13. Qd2 Nd7 14. Nge2 Nb6 15.
b3 Bf8 16. a4 Bb4 17. a5 Nc8 18. Nc1 c5 19. Nd3 cxd4 20. Nxb4 dxc3 21. Qd3 Nd6
22. O-O-O Bb5 23. Qd4 Qxd4 24. Rxd4 g4 25. Bg2 Ke7 26. h4 Rhf8 27. f4 Rac8 28.
Re1 b6 29. a6 Rc5 30. Nd3 Bxd3 31. Rxd3 Rfc8 32. Rd4 Ra5 33. Ra4 Rxa4 34. bxa4
Rc4 35. Rf1 Rxa4 36. Kb1 b5 37. Rd1 Rxa6 38. Rd4 Rb6 39. Rb4 a5 0-1

[Event "Mercredi 2021.11.17 ABCD"]
[Site "Montreal CAN"]
[Date "2021.12.01"]
[Round "3"]
[White "Lima-Barbosa, Raphael"]
[Black "Chapdelaine, Gwyn"]
[Result "0-1"]
[WhiteElo "1811"]
[BlackElo "1686"]
[PlyCount "76"]
[EventDate "2021.11.17"]
[EventType "tourn"]
[EventRounds "5"]
[EventCountry "CAN"]

1. d4 d5 2. c4 dxc4 3. Nf3 Nf6 4. g3 Bf5 5. Bg2 Nc6 6. O-O e6 7. Qa4 Be7 8. Ne5
O-O 9. Nxc6 bxc6 10. Qxc4 Be4 11. f3 Bg6 12. e4 Rb8 13. a3 a5 14. Rf2 e5 15.
dxe5 Nd7 16. Rd2 Nxe5 17. Qc3 Nd7 18. Qxc6 Bd6 19. Nc3 Nc5 20. Rb1 Nb3 21. Rd5
f6 22. Be3 Qc8 23. Bf1 Bf7 24. Rb5 Be5 25. Nd5 Nd4 26. Bxd4 Bxd4+ 27. Kg2 Kh8
28. b3 Rxb5 29. Bxb5 Be8 30. Qc4 Bxb5 31. Qxd4 c6 32. Rc1 Qd7 33. Qc5 Rd8 34.
Ne3 Qd2+ 35. Kh3 Be2 36. Qe7 Rg8 37. Nf5 Qxc1 38. Nd6 Bf1+ 0-1

[Event "Mercredi 2021.11.17 ABCD"]
[Site "Montreal CAN"]
[Date "2021.12.01"]
[Round "3"]
[White "Martel, Paul"]
[Black "Gauthier, Luc"]
[Result "0-1"]
[WhiteElo "1609"]
[BlackElo "1649"]
[PlyCount "36"]
[EventDate "2021.11.17"]
[EventType "tourn"]
[EventRounds "5"]
[EventCountry "CAN"]

1. Nf3 d5 2. e3 c5 3. b3 Nf6 4. Bb2 e6 5. Be2 Be7 6. O-O O-O 7. d3 Nc6 8. Nbd2
b6 9. Ne5 Nxe5 10. Bxe5 Nd7 11. Bb2 Bf6 12. Bxf6 Qxf6 13. c4 Bb7 14. cxd5 exd5
15. Bf3 Ne5 16. Qe2 Rfd8 17. d4 cxd4 18. exd4 Nc6 0-1

[Event "Mercredi 2021.11.17 ABCD"]
[Site "Montreal CAN"]
[Date "2021.12.01"]
[Round "3"]
[White "Milosz, Jerzy"]
[Black "Varfalvy, Peter"]
[Result "1/2-1/2"]
[WhiteElo "1610"]
[BlackElo "1575"]
[PlyCount "137"]
[EventDate "2021.11.17"]
[EventType "tourn"]
[EventRounds "5"]
[EventCountry "CAN"]

1. e4 c6 2. d4 d5 3. e5 c5 4. dxc5 Nc6 5. Bb5 Qa5+ 6. Nc3 e6 7. Be3 Bd7 8. Bxc6
Bxc6 9. Nf3 Bxc5 10. Bxc5 Qxc5 11. Qd4 Qxd4 12. Nxd4 Ne7 13. O-O Ng6 14. f4 Kd7
15. b4 a6 16. a4 b6 17. Nxc6 Kxc6 18. Ne2 Rhc8 19. Rac1 Kd7 20. c3 Ne7 21. Rfd1
Rc4 22. Rd4 Rac8 23. Rxc4 Rxc4 24. Nd4 Nc6 25. Nxc6 Kxc6 26. g3 a5 27. bxa5
bxa5 28. Kf2 Rxa4 29. Ke3 Ra2 30. h4 a4 31. c4 a3 32. cxd5+ Kxd5 33. Rc7 Ra1
34. Ra7 a2 35. Kf2 Ke4 36. Kg2 h5 37. Ra4+ Kf5 38. Ra5 Kg4 39. Ra4 Rb1 40. f5+
Kxf5 41. Rxa2 Kxe5 42. Ra5+ Kf6 43. Rxh5 Rb3 44. Ra5 Rd3 45. Kf2 Rd5 46. Ra6 g5
47. hxg5+ Kxg5 48. Ra7 Rf5+ 49. Kg2 e5 50. Re7 f6 51. Rg7+ Kh6 52. Rg4 Rg5 53.
Re4 Rg8 54. Kf3 Kg6 55. Rg4+ Kf7 56. Ra4 Rd8 57. Ra6 Ke7 58. g4 Rd6 59. Ra5 Ke6
60. Rb5 Rd3+ 61. Kf2 Kf7 62. g5 e4 63. gxf6 Kxf6 64. Ke2 Ke6 65. Ra5 Rb3 66.
Rh5 Kf6 67. Ra5 Rg3 68. Rb5 e3 69. Ra5 1/2-1/2

[Event "Mercredi 2021.11.17 ABCD"]
[Site "Montreal CAN"]
[Date "2021.12.01"]
[Round "3"]
[White "Rodi, Mathieu"]
[Black "Batorshyn, Ilia"]
[Result "1/2-1/2"]
[WhiteElo "1600"]
[BlackElo "1599"]
[PlyCount "84"]
[EventDate "2021.11.17"]
[EventType "tourn"]
[EventRounds "5"]
[EventCountry "CAN"]

1. c4 Nf6 2. Nc3 e6 3. e4 d5 4. e5 Nfd7 5. d4 Bb4 6. a3 Bxc3+ 7. bxc3 O-O 8.
Nf3 f6 9. Bd3 c5 10. Qc2 h6 11. O-O fxe5 12. Nxe5 Nxe5 13. dxe5 Nc6 14. f4 d4
15. Bb2 dxc3 16. Qxc3 Qe7 17. Rad1 Nd4 18. Qd2 Bd7 19. Bxd4 cxd4 20. Qb4 Qxb4
21. axb4 Rfd8 22. f5 exf5 23. Bxf5 Bxf5 24. Rxf5 Rac8 25. c5 a5 26. e6 axb4 27.
e7 Rd7 28. Re5 Re8 29. Re4 d3 30. Rxb4 Rexe7 31. Rd2 Re5 32. Rc4 Rf7 33. g3 Re3
34. Rd4 Re1+ 35. Kg2 Rf5 36. R4xd3 Rxc5 37. Rd8+ Kf7 38. Rb2 b5 39. Rb8 Ree5
40. Rb7+ Ke6 41. Rxg7 Kd5 42. Rg4 Re4 {...} 1/2-1/2

[Event "Mercredi 2021.11.17 ABCD"]
[Site "Montreal CAN"]
[Date "2021.12.01"]
[Round "3"]
[White "Rodrigue-Lemieux, Shawn"]
[Black "Cardin, Guillaume"]
[Result "1-0"]
[WhiteElo "2401"]
[BlackElo "1988"]
[PlyCount "57"]
[EventDate "2021.11.17"]
[EventType "tourn"]
[EventRounds "5"]
[EventCountry "CAN"]

1. c4 e5 2. g3 c6 3. d4 e4 4. Nc3 d5 5. Bg2 Nf6 6. Bg5 Be7 7. cxd5 cxd5 8. Nh3
Nc6 9. O-O Be6 10. Nf4 Qd7 11. e3 O-O 12. Rc1 h6 13. Bxf6 Bxf6 14. Nxe6 Qxe6
15. Qh5 Rfd8 16. Bh3 Qd6 17. Nb5 Qe7 18. Rc5 g6 19. Qd1 a6 20. Nc3 Nb4 21. Qb3
b6 22. Nxd5 Qd6 23. Nxf6+ Qxf6 24. Re5 a5 25. a3 Nc6 26. Rxe4 a4 27. Qxb6 Rdb8
28. Qc5 Rxb2 29. Rf4 1-0

[Event "Mercredi 2021.11.17 ABCD"]
[Site "Montreal CAN"]
[Date "2021.12.01"]
[Round "3"]
[White "Singher, Jean-Pierre"]
[Black "Guipi Bopala, Prince Eric jr"]
[Result "1-0"]
[WhiteElo "2039"]
[BlackElo "2086"]
[PlyCount "115"]
[EventDate "2021.11.17"]
[EventType "tourn"]
[EventRounds "5"]
[EventCountry "CAN"]

1. d4 d5 2. Nf3 Nf6 3. c4 e6 4. Nc3 Be7 5. e3 O-O 6. Bd3 c5 7. O-O Nc6 8. a3 h6
9. dxc5 Bxc5 10. b4 Bd6 11. Bb2 Ne5 12. Nxe5 Bxe5 13. Qe2 a6 14. f4 Bc7 15. e4
dxc4 16. Bxc4 b5 17. Rad1 Bb6+ 18. Kh1 Qe7 19. e5 Nh7 20. Bd3 Bb7 21. Ne4 Rfd8
22. Nd6 Bd5 23. Rc1 Nf8 24. Bb1 Bc7 25. Qg4 h5 26. Qxh5 Bxd6 27. exd6 Rxd6 28.
Rc3 e5 29. Rg3 f6 30. fxe5 fxe5 31. Bxe5 Rh6 32. Qxh6 Qxe5 33. Qg5 Qxg5 34.
Rxg5 Bc4 35. Re1 Rd8 36. h3 Ne6 37. Rge5 Kf7 38. Kh2 Rd2 39. Bh7 g6 40. Bxg6+
Kxg6 41. Rxe6+ Bxe6 42. Rxe6+ Kf5 43. Rxa6 Ra2 44. Ra5 Kf4 45. Ra7 Ke3 46. Kg3
Ke2 47. Kf4 Kd3 48. g4 Rh2 49. Kg3 Rh1 50. h4 Ra1 51. h5 Ke3 52. h6 Rg1+ 53.
Kh4 Kf4 54. Rf7+ Ke5 55. Rf5+ Ke6 56. Rxb5 Kf6 57. Rb6+ Ke5 58. Kg5 1-0

[Event "Mercredi 2021.11.17 ABCD"]
[Site "Montreal CAN"]
[Date "2021.12.08"]
[Round "4"]
[White "Abderaouf, Sekki"]
[Black "Fortin-Lavoie, Patrice"]
[Result "1-0"]
[WhiteElo "1816"]
[BlackElo "1726"]
[PlyCount "91"]
[EventDate "2021.11.17"]
[EventType "tourn"]
[EventRounds "5"]
[EventCountry "CAN"]

1. d4 d5 2. c4 c6 3. Nc3 Bf5 4. cxd5 cxd5 5. Qb3 e6 6. Qxb7 Nd7 7. Bf4 Ngf6 8.
e4 dxe4 9. Bc7 Qc8 10. Ba6 Qxb7 11. Bxb7 Rb8 12. Bxb8 Nxb8 13. Nge2 Bb4 14. O-O
O-O 15. Ng3 Rd8 16. Ncxe4 Nxe4 17. Bxe4 Bxe4 18. Nxe4 Rxd4 19. Ng3 Na6 20. Rfd1
Bc5 21. Rxd4 Bxd4 22. Rd1 e5 23. Nf5 Bb6 24. Ne7+ Kf8 25. Nc6 f6 26. b4 Nc7 27.
a4 Ne6 28. a5 Bd4 29. b5 Ke8 30. Kf1 Kd7 31. Nxa7 Kc7 32. Nc6 Bc5 33. Rc1 h5
34. h4 e4 35. Nd4 Nxd4 36. Rxc5+ Kd6 37. Rxh5 g6 38. Rh6 Nxb5 39. Rxg6 Ke5 40.
a6 f5 41. Rg7 f4 42. a7 Nxa7 43. Rxa7 e3 44. fxe3 fxe3 45. Rf7 Kd4 46. Ke2 1-0

[Event "Mercredi 2021.11.17 ABCD"]
[Site "Montreal CAN"]
[Date "2021.12.08"]
[Round "4"]
[White "Chapdelaine, Gwyn"]
[Black "Millette, Sylvain"]
[Result "1-0"]
[WhiteElo "1686"]
[BlackElo "1722"]
[PlyCount "69"]
[EventDate "2021.11.17"]
[EventType "tourn"]
[EventRounds "5"]
[EventCountry "CAN"]

1. e4 Nf6 2. Nc3 d5 3. exd5 Nxd5 4. Bc4 c6 5. d3 g6 6. Nf3 Bg4 7. h3 Bxf3 8.
Qxf3 e6 9. O-O Bg7 10. Nxd5 cxd5 11. Bb5+ Nc6 12. Bf4 O-O 13. Bxc6 bxc6 14.
Rfe1 Bxb2 15. Rab1 Bc3 16. Red1 Bg7 17. d4 Qe7 18. Qg3 Rfd8 19. Rb3 c5 20. c3
cxd4 21. cxd4 Rd7 22. Qe3 f6 23. Rdb1 Kf7 24. Qf3 a5 25. a4 Raa7 26. Bc1 Rdb7
27. Ba3 Qd7 28. Bc5 Rxb3 29. Qxb3 Ra8 30. Qb6 Bf8 31. Rb5 Bxc5 32. dxc5 d4 33.
c6 Qa7 34. Qxa7+ Rxa7 35. Rb7+ 1-0

[Event "Mercredi 2021.11.17 ABCD"]
[Site "Montreal CAN"]
[Date "2021.12.08"]
[Round "4"]
[White "Destree, Frederic"]
[Black "Kozlov, Guennadi"]
[Result "1/2-1/2"]
[WhiteElo "1826"]
[BlackElo "1879"]
[PlyCount "89"]
[EventDate "2021.11.17"]
[EventType "tourn"]
[EventRounds "5"]
[EventCountry "CAN"]

1. Nf3 Nf6 2. g3 b6 3. Bg2 Bb7 4. O-O c5 5. d3 g6 6. e4 d6 7. Re1 Bg7 8. Nbd2
O-O 9. c3 Nc6 10. Nf1 Qc7 11. Ne3 e6 12. Qc2 Nd7 13. Rb1 b5 14. Bd2 a5 15. a3
Qb6 16. Qc1 Nde5 17. Nxe5 Nxe5 18. Qc2 Rfc8 19. f4 Nc6 20. Kh1 a4 21. Rf1 Na5
22. Be1 Nb3 23. f5 exf5 24. exf5 Bxg2+ 25. Qxg2 Qc6 26. Nd5 Ra7 27. f6 Bf8 28.
Rd1 Qb7 29. Qe4 Na5 30. Bd2 Nc6 31. Rde1 Nd8 32. Rf4 Ne6 33. Rh4 Qa8 34. c4 Re8
35. Qg2 bxc4 36. dxc4 Nd4 37. Rhe4 Rxe4 38. Qxe4 Ne6 39. h4 Qb7 40. Bc1 Qb3 41.
Kh2 Nd4 42. Ne3 Qb7 43. Nd5 Qb3 44. Ne3 Qb7 45. Nd5 1/2-1/2

[Event "Mercredi 2021.11.17 ABCD"]
[Site "Montreal CAN"]
[Date "2021.12.08"]
[Round "4"]
[White "Gadbois, Patrick"]
[Black "Barko, Maxim"]
[Result "0-1"]
[WhiteElo "1943"]
[BlackElo "1899"]
[PlyCount "188"]
[EventDate "2021.11.17"]
[EventType "tourn"]
[EventRounds "5"]
[EventCountry "CAN"]

1. d4 f5 2. e3 Nf6 3. f4 b6 4. Nf3 Bb7 5. Bd3 e6 6. c4 c5 7. Nc3 Ne4 8. Bxe4
fxe4 9. Ng5 cxd4 10. Qxd4 Nc6 11. Qd1 Ne5 12. O-O Nxc4 13. Ncxe4 Be7 14. Qd4
O-O 15. Qxc4 d5 16. Qb3 dxe4 17. Qxe6+ Kh8 18. Nf7+ Rxf7 19. Qxf7 Ba6 20. Bd2
Qxd2 21. Qxe7 Bxf1 22. Qxe4 Bxg2 23. Qxg2 Qxe3+ 24. Qf2 Qd3 25. Re1 Rf8 26. Qe3
Qf5 27. Rf1 Qf7 28. b3 Re8 29. Qd3 h6 30. f5 Qf6 31. Rd1 Qg5+ 32. Kh1 Rf8 33.
Rf1 Rf6 34. Qd8+ Kh7 35. Qd3 Qg4 36. Qf3 Qg5 37. Qd3 h5 38. Qf3 Kh6 39. Qd3 h4
40. h3 Qh5 41. Qf3 Qxf3+ 42. Rxf3 Kg5 43. Rd3 Rf7 44. Rd4 Rxf5 45. Rd7 Ra5 46.
Rxg7+ Kf4 47. a4 Kf3 48. Rg4 Rh5 49. Kh2 Ke3 50. Rg7 a6 51. Rg6 b5 52. a5 Kd3
53. Rxa6 b4 54. Rb6 Kc3 55. a6 Ra5 56. Rh6 Ra2+ 57. Kg1 Kxb3 58. Rxh4 Rxa6 59.
Rg4 Rc6 60. h4 Rc4 61. Rg3+ Rc3 62. Rg4 Rc4 63. Rg3+ Kb2 64. h5 Rh4 65. Rg2+
Kb1 66. Rh2 Rg4+ 67. Rg2 Rh4 68. Rh2 Rf4 69. h6 Rf8 70. Rh3 Kc2 71. Rh2+ Kc3
72. Rh3+ Kd4 73. Rh4+ Kc3 74. Rh3+ Kb2 75. h7 Rh8 76. Kf1 b3 77. Ke1 Kc2 78.
Rh6 Re8+ 79. Kf2 b2 80. Rc6+ Kd1 81. Rd6+ Kc2 82. Rc6+ Kb1 83. Rh6 Kc1 84. Rc6+
Kb1 85. Rh6 Rh8 86. Rh5 Ka2 87. Ra5+ Kb3 88. Rb5+ Kc2 89. Rc5+ Kd3 90. Rd5+ Kc4
91. Rd1 Rxh7 92. Ke2 Rh2+ 93. Ke3 Kc3 94. Rd8 Rh3+ 0-1

[Event "Mercredi 2021.11.17 ABCD"]
[Site "Montreal CAN"]
[Date "2021.12.08"]
[Round "4"]
[White "Gauthier, Luc"]
[Black "Rodi, Mathieu"]
[Result "0-1"]
[WhiteElo "1649"]
[BlackElo "1600"]
[PlyCount "66"]
[EventDate "2021.11.17"]
[EventType "tourn"]
[EventRounds "5"]
[EventCountry "CAN"]

1. e4 d5 2. exd5 Qxd5 3. Nf3 Bg4 4. Be2 Nc6 5. d4 O-O-O 6. Be3 e5 7. c4 Bb4+ 8.
Nc3 Qe4 9. Bd3 Bxf3 10. Bxe4 Bxd1 11. d5 Na5 12. Rxd1 Nxc4 13. O-O Nf6 14. Bf5+
Kb8 15. Nb5 Nxe3 16. fxe3 Rxd5 17. Nc3 Bxc3 18. bxc3 Rhd8 19. Rb1 c6 20. c4 Rd2
21. g4 Rxa2 22. g5 Rdd2 23. Bh3 Rxh2 24. gxf6 Rxh3 25. fxg7 Rg3+ 26. Kh1 Rxg7
27. Rf6 Kc7 28. Rf5 Ra4 29. Rxe5 Rxc4 30. Rh5 Re4 31. Rg1 Rxg1+ 32. Kxg1 Rxe3
33. Rxh7 Re7 0-1